000 01274cam a2200289 a 4500
003 OSt
005 20200727144725.0
008 970804t00001994ck c 0 spa d
020 _a9582001917
040 _aCO-BoPUJ
_cCO-JMCR
041 0 _aspa
082 0 4 _a371.36 /
_bD963p
_223
100 1 _aDuran Acosta, Jose Antonio
_eautor
_97888
245 1 3 _aEl proyecto educativo institucional :
_buna alternativa para el desarrollo pedagogico-cultural /
_cJose Antonio Duran Acosta
260 _aBogotá :
_bMagisterio,
_c1994.
300 _a124 páginas :
_bilustraciones a blanco y negro ;
_c21 cm.
490 0 _aColección mesa redonda ;
_v20
500 _anotas a pie de páginas.
504 _aIncluye referencias bibliográficas:
_b16
505 _aSobre proyectos -- Desarrollo pedagógico - Cultural -- Una ilustración desde la cotidianidad -- Una ilusión necesaria
520 0 _aAnte la necesidad de que los docentes indaguen, investiguen y participen en un debate constructivo sobre los temas inmediatos y trascendentes que la educación colombiana.
650 1 4 _aPedagogía
_97889
650 2 4 _aPlanificación educativa
_97890
650 2 4 _aProyecto educativo institucional. pei
_97891
650 2 4 _aPrácticas de la enseñanza
_97892
942 _2ddc
_cBK
999 _c6767
_d6767